О природе структурной неустойчивости электронных фаз типа β-латуни; Эффекты памяти формы и сверхупругости

Podrobná bibliografie
Parent link:Эффекты памяти формы и сверхупругости.— 1980.— С. 49-50
Hlavní autor: Наумов И. И.
Další autoři: Панин В. Е. Виктор Евгеньевич, Жоровков М. Ф.
Shrnutí:В фонде НТБ ТПУ отсутствует
Jazyk:ruština
Vydáno: 1980
Témata:
Médium: MixedMaterials Kapitola
KOHA link:https://koha.lib.tpu.ru/cgi-bin/koha/opac-detail.pl?biblionumber=597164

MARC

LEADER 00000naa0a2200000 4500
001 597164
005 20250203150135.0
035 |a (RuTPU)RU\TPU\tpu\20323 
035 |a RU\TPU\tpu\20322 
090 |a 597164 
100 |a 20111122d1980 k y0rusy50 ca 
101 0 |a rus 
102 |a RU 
200 1 |a О природе структурной неустойчивости электронных фаз типа β-латуни  |f И. И. Наумов, В. Е. Панин, М. Ф. Жоровков 
333 |a В фонде НТБ ТПУ отсутствует 
463 |t Эффекты памяти формы и сверхупругости  |v С. 49-50  |d 1980 
610 1 |a труды учёных ТПУ 
700 1 |a Наумов  |b И. И. 
701 1 |a Панин  |b В. Е.  |c специалист в области физики и механики деформируемого твердого тела, физического материаловедения  |c доктор физико-математических наук, профессор Томского политехнического университета  |c зав. кафедрой материаловедения в машиностроении  |c директор Российского материаловедческого центра  |c научный руководитель института физики прочности и материаловедения СО РАН  |f 1930-  |g Виктор Евгеньевич  |3 (RuTPU)RU\TPU\pers\12102 
701 1 |a Жоровков  |b М. Ф. 
801 1 |a RU  |b 63413507  |c 20111122 
801 2 |a RU  |b 63413507  |c 20111122  |g RCR 
942 |c BK